| 000 | 00694nam a2200205Ia 4500 | ||
|---|---|---|---|
| 005 | 20250508165247.0 | ||
| 008 | 008 250505s9999 xx 000 0 eng d | ||
| 020 | _a978-93-82518-08-2 | ||
| 037 | _aTextual | ||
| 040 |
_aFEDL _beng _cFEDL |
||
| 041 |
_aeng _2eng |
||
| 084 |
_a378.155, BHA _qFEDL |
||
| 100 |
_aBhati Vijayshri _9780324 |
||
| 245 | 0 | _aFinancing in higher education: A study of self- financing courses as additional income generation resource to meet the financial needs of the universities | |
| 260 |
_aBhopal, India _bIndira Publishing House _c2013 |
||
| 300 | _a187p. | ||
| 365 |
_aINR _b24 |
||
| 942 |
_cTEXL _h378.155, BHA |
||
| 999 |
_c1394106 _d1394106 |
||